000 01296nam0a22003131 4500
001 rc\2202874
005 20110826163436.7
035 _a(NLR Aleph) 006541670
090 _a6643362
_c6643362
100 _a20110826d1978 |||y0rusy50 ca
101 0 _arus
102 _aRU
105 _ay z |||||
200 1 _aОсновы советского законодательства
_e[Учеб. пособие для сред. спец. учеб. заведений
_fП.С. Матышевский, В.В. Копейчиков, Е.В. Назаренко и др.]
_gПод ред. П.С. Матышевского
210 _aКиев
_cВища школа. Изд-во при Киев. ун-те
_d1978
215 _a200 с.
_d21
300 _aАвт.указаны на обороте тит. л.
606 _aЗаконодательство СССР
_jУчебники и пособия
_2psbo
686 _aХ62я723-1
_2rubbk
701 1 _aКопейчиков
_bВ. В.
701 1 _aНазаренко
_bЕ. В.
702 1 _aМатышевский
_bП. С.
_gПавел Семенович
_4570
801 0 _aRU
_bNLR
_gpsbo
801 1 _aRU
_bELAR
_2rusmarc
852 _aNLR
_j79-3/10675
899 _aRuMoRGB
_jB 79-3/232
899 _aRuMoRGB
_j801-84/14025-3
942 _cBOOK
980 _aNB